Starting FORTH : (Record no. 176698)

000 -LEADER
fixed length control field 01045 a2200205 4500
003 - CONTROL NUMBER IDENTIFIER
control field Nust
005 - DATE AND TIME OF LATEST TRANSACTION
control field 20230529185841.0
010 ## - LIBRARY OF CONGRESS CONTROL NUMBER
LC control number 81011837
020 ## - INTERNATIONAL STANDARD BOOK NUMBER
International Standard Book Number 0138429227 (pbk.)
020 ## - INTERNATIONAL STANDARD BOOK NUMBER
International Standard Book Number 0138429308
040 ## - CATALOGING SOURCE
Transcribing agency Nust
082 00 - DEWEY DECIMAL CLASSIFICATION NUMBER
Classification number 001.6424,BRO
100 1# - MAIN ENTRY--PERSONAL NAME
Personal name Brodie, Leo.
9 (RLIN) 112827
245 10 - TITLE STATEMENT
Title Starting FORTH :
Remainder of title an introduction to the FORTH language and operating system for beginners and professionals /
Statement of responsibility, etc. Leo Brodie ; with a foreword by Charles H. Moore.
260 ## - PUBLICATION, DISTRIBUTION, ETC.
Place of publication, distribution, etc. Englewood Cliffs, N.J. :
Name of publisher, distributor, etc. Prentice-Hall,
Date of publication, distribution, etc. c1981.
300 ## - PHYSICAL DESCRIPTION
Extent xvi, 348, [16] p. :
Other physical details ill. ;
Dimensions 24 cm.
505 ## - FORMATTED CONTENTS NOTE
Formatted contents note Fundamental Forth (Page-7), How To Get Results (Page-31), The Editor (Page-57), Decisions (Page-89), The Philosophy Of Fixed Point (Page-107), Throw It For A Loop (Page-127), A Number Of Kinds Of Numbers (Page-149), Variables, Constants And Arrays (Page-183), Under The Hood (Page-215), I/O And You (Page-253), Extending The Compiler (Page-289), Three Examples (Page-317).
650 #0 - SUBJECT ADDED ENTRY--TOPICAL TERM
Topical term or geographic name entry element FORTH (Computer program language)
9 (RLIN) 112828
942 ## - ADDED ENTRY ELEMENTS (KOHA)
Source of classification or shelving scheme
Koha item type Book
Holdings
Withdrawn status Lost status Source of classification or shelving scheme Damaged status Not for loan Permanent Location Current Location Shelving location Date acquired Full call number Barcode Date last seen Price effective from Koha item type Public note
          Military College of Signals (MCS) Military College of Signals (MCS) General Stacks 12/12/2016 005.133,BRO MCS3153 12/08/2016 12/12/2016 Book Almirah No.80, Shelf No.3
© 2023 Central Library, National University of Sciences and Technology. All Rights Reserved.